| 000 | 00722nam a22002177a 4500 | ||
|---|---|---|---|
| 003 | OSt | ||
| 005 | 20210813143823.0 | ||
| 008 | 210813s1982 ck ||||gr|||| 00| 0 spa d | ||
| 040 |
_aCO-JMCR _cCO-JMCR |
||
| 041 | 0 | _aspa | |
| 082 | 0 | 4 |
_a332.632 / _bB693m1 _223 |
| 110 | 2 |
_aBolsa de Bogotá _936239 |
|
| 245 | 1 | 0 |
_aManual de valores y renta fija y descuento / _cBolsa de Bogotá |
| 250 | _a1° edición | ||
| 260 |
_aBogotá : _bBolsa de Bogotá, _c1982 |
||
| 300 |
_a43, [22] páginas, 1 hoja plegable ; _c24 cm. |
||
| 505 | 0 | _aPapeles de renta fija -- Papeles de descuento -- Información estadística consolidada | |
| 650 | 1 | 4 |
_aValores _zColombia _939384 |
| 650 | 2 | 4 |
_aInversiones _zColombia _939385 |
| 942 |
_2ddc _cBK |
||
| 999 |
_c15575 _d15575 |
||